Vztahy Československa a Uruguaye v průběhu 20. století
Analýza vzťahov medzi Československom a Uruguajom v priebehu dvadsiateho storočia. Pohľad na diplomatické a obchodné vzťahy.
Salvato in:
| Autore principale: | |
|---|---|
| Natura: | Capitolo di libro |
| Lingua: | ceco |
| Soggetti: | |
| Tags: |
Nessun Tag, puoi essere il primo ad aggiungerne!!
|
MARC
| LEADER | 00000naa a2200000 4500 | ||
|---|---|---|---|
| 001 | 0226899 | ||
| 005 | 20221019173111.2 | ||
| 041 | 0 | |a cze | |
| 044 | |a SK | ||
| 245 | 1 | 0 | |a Vztahy Československa a Uruguaye v průběhu 20. století |c Michal Zourek |
| 520 | |a Analýza vzťahov medzi Československom a Uruguajom v priebehu dvadsiateho storočia. Pohľad na diplomatické a obchodné vzťahy. | ||
| 610 | 2 | 0 | |a Československo |
| 610 | 2 | 0 | |a Latinská Amerika |
| 610 | 2 | 0 | |a Uruguaj |
| 610 | 2 | 0 | |a vzťahy politické medzinárodné |
| 610 | 2 | 0 | |a vzťahy hospodárske medzinárodné |
| 100 | 1 | |a Zourek, Michal | |